000 00433cam a2200181ua 4500
020 _c3.60
041 _aeng
_h
082 _a400
_bPOT/LA
100 _aPotter, Simeon .
245 _aLanguage in the modern world /
_cSimeon Potter.
_hTextual Documents
250 _a1 /
_b.
260 _aEngland :
_bPenguin Books ,
_c1966.
300 _a219 ; .
365 _a3.60
504 _a
942 _cBK
999 _c12454
_d12454